La música en la corte de los Reyes Católicos / (Record no. 24762)

MARC details
000 -LEADER
campo de control de longitud fija 00896nam a2200241 i 4500
001 - NÚMERO DE CONTROL
campo de control 24762
003 - IDENTIFICADOR DE NÚMERO DE CONTROL
campo de control ES-MaACL
005 - FECHA Y HORA DE LA ÚLTIMA TRANSACCIÓN
campo de control 20251005063033.0
007 - CAMPO FIJO DE DESCRIPCIÓN FÍSICA--INFORMACIÓN GENERAL
campo de control de longitud fija t|
008 - DATOS DE LONGITUD FIJA--INFORMACIÓN GENERAL
campo de control de longitud fija 021218m19411947sp ||||1| spa d
100 1# - ENTRADA PRINCIPAL--NOMBRE DE PERSONA
Nombre de persona Anglés, Higinio,
Fechas asociadas al nombre 1888-1969
9 (RLIN) 21747
245 13 - MENCIÓN DEL TÍTULO
Título La música en la corte de los Reyes Católicos /
Mención de responsabilidad, etc. por Higinio Anglés.
260 ## - PUBLICACIÓN, DISTRIBUCIÓN, ETC.
Lugar de publicación, distribución, etc. Madrid :
Nombre del editor, distribuidor, etc. Instituto Diego Velázquez,
Fecha de publicación, distribución, etc. 1941-1947 (
Lugar de fabricación/manufactura Barcelona :
Fabricante Casa Provincial de Caridad)
300 ## - DESCRIPCIÓN FÍSICA
Extensión 2 v. :
Otras características físicas il. ;
Dimensiones 32 cm.
505 8# - NOTA DE CONTENIDO CON FORMATO
Nota de contenido con formato Contiene: 1. Polifonía religiosa -- 2. Cancionero musical de Palacio: (siglos XV-XVI)
650 #4 - PUNTO DE ACCESO ADICIONAL DE MATERIA--TÉRMINO DE MATERIA
Término de materia o nombre geográfico como elemento de entrada Música española-
Subdivisión cronológica S.XV.
9 (RLIN) 170304
650 #4 - PUNTO DE ACCESO ADICIONAL DE MATERIA--TÉRMINO DE MATERIA
Término de materia o nombre geográfico como elemento de entrada Música española-
Subdivisión cronológica S.XVI.
9 (RLIN) 159099
650 #4 - PUNTO DE ACCESO ADICIONAL DE MATERIA--TÉRMINO DE MATERIA
Término de materia o nombre geográfico como elemento de entrada Coros religiosos.
9 (RLIN) 167477
650 #4 - PUNTO DE ACCESO ADICIONAL DE MATERIA--TÉRMINO DE MATERIA
Término de materia o nombre geográfico como elemento de entrada Coros profanos.
9 (RLIN) 170305
710 2# - ENTRADA AGREGADA--NOMBRE DE ENTIDAD CORPORATIVA
Nombre de entidad corporativa o nombre de jurisdicción como elemento de entrada Instituto Diego Velázquez.
9 (RLIN) 5021
852 ## - LOCALIZACIÓN
Ubicación ES-MaACL
Número de control de estantería C-55014-15
Holdings
Estatus retirado Estado de pérdida Estado de daño No para préstamo Biblioteca de origen Biblioteca actual Ubicación en estantería Fecha de adquisición Fuente de adquisición Total de préstamos Signatura topográfica completa Código de barras Visto por última vez Precio de reemplazo Tipo de ítem Koha
        Biblioteca del Ateneo de Madrid Biblioteca del Ateneo de Madrid Depósito 2 17/01/2008     C-55014-15 1025531 23/02/2023 23/02/2023 Libro impreso